Picturesque Europe: a delineation by pen and pencil of the natural features and the picturesque and historical places of Great Britain and the continent.
Furkejuvvon:
| Váldodahkki: | |
|---|---|
| Materiálatiipa: | Girji |
| Giella: | eaŋgalasgiella |
| Almmustuhtton: |
New York, USA
D. Appleton and Company
1875
|
| Fáttát: | |
| Fáddágilkorat: |
Lasit fáddágilkoriid
Eai fáddágilkorat, Lasit vuosttaš fáddágilkora!
|
MARC
| LEADER | 00000cam a2200000 a 4500 | ||
|---|---|---|---|
| 001 | UCD6510 | ||
| 003 | CL-VaPUC | ||
| 005 | 20210528001812.0 | ||
| 008 | 161216e18750000us |||||||||||||||||eng|d | ||
| 999 | |c 366816 |d 366814 | ||
| 040 | |c Pontificia Universidad Católica de Valparaíso | ||
| 082 | 0 | 4 | |a 940 TAY 1875 |2 21 |
| 100 | 0 | |a Taylor, Bayard |9 590332 | |
| 245 | 1 | 0 | |a Picturesque Europe: a delineation by pen and pencil of the natural features and the picturesque and historical places of Great Britain and the continent. |
| 260 | 0 | 3 | |a New York, USA |b D. Appleton and Company |c 1875 |
| 300 | |a 4 volúmenes. | ||
| 583 | |a last modification |c 20161216 10:21:00 |k Rodrigo Vera | ||
| 650 | 0 | |a Historia de Europa |9 392003 | |
| 650 | 0 | |a Grabados |9 310822 | |
| 650 | 0 | |a Dibujos |9 264123 | |
| 942 | |c BK |2 ddc | ||
| 945 | |d 20161216 10:21:00 |a dcastane | ||
| 952 | |0 0 |1 0 |3 erd |4 0 |6 940_000000000000000_TAY_1875 |7 0 |8 X |9 481361 |a FDOBUD |b FDOBUD |h v.1 |i 5325285 |o 940 TAY 1875 |p 5325285 |r 2019-11-24 |t 1 |w 2019-11-24 |y BK_X |z Catalogado en:20161216 |k BUD | ||
| 952 | |0 0 |1 0 |3 erd |4 0 |6 940_000000000000000_TAY_1875 |7 0 |8 X |9 481362 |a FDOBUD |b FDOBUD |h v.2 |i 5325293 |o 940 TAY 1875 |p 5325293 |r 2019-11-24 |t 1 |w 2019-11-24 |y BK_X |z Catalogado en:20161216 |k BUD | ||
| 952 | |0 0 |1 0 |3 erd |4 0 |6 940_000000000000000_TAY_1875 |7 0 |8 X |9 481363 |a FDOBUD |b FDOBUD |h v.3 |i 5325307 |o 940 TAY 1875 |p 5325307 |r 2019-11-24 |t 1 |w 2019-11-24 |y BK_X |z Catalogado en:20161216 |k BUD | ||
| 952 | |0 0 |1 0 |3 erd |4 0 |6 940_000000000000000_TAY_1875 |7 0 |8 X |9 481364 |a FDOBUD |b FDOBUD |h v.4 |i 5325315 |o 940 TAY 1875 |p 5325315 |r 2019-11-24 |t 1 |w 2019-11-24 |y BK_X |z Catalogado en:20161216 |k BUD | ||